000 00450nam a22001817a 4500
003 MPLRDC
005 20220104144520.0
008 210129b ||||| |||| 00| 0 eng d
082 _a191.9 LEV
100 _aSTEPHEN LEVINE
245 _a如果只有一年
_c未伟航译
250 _a初版
260 _a
_b立绪出版社
_c1999
300 _b
490 _a新世纪丛书. 54
650 _a人生观; 生死观
942 _cBK
_o191.9 LEV
999 _c50382
_d50372